El humanismo en el arte y la ciencia
Salvato in:
| Autori principali: | , , , , , , , |
|---|---|
| Natura: | Libro |
| Lingua: | spagnolo |
| Pubblicazione: |
Buenos Aires
Ediciones Hormé
1969
|
| Edizione: | 1a. ed |
| Serie: | Biblioteca: Sociología de Hoy, 8
|
| Soggetti: | |
| Tags: |
Aggiungi Tag
Nessun Tag, puoi essere il primo ad aggiungerne!!
|
MARC
| LEADER | 00000cam a2200000 a 4500 | ||
|---|---|---|---|
| 001 | UCE3203 | ||
| 003 | CL-VaPUC | ||
| 008 | 140821e19690000ag |||||||||||||||||spa|d | ||
| 082 | 0 | 4 | |a 144 |b PLA |2 21 |
| 100 | 0 | |a Platt, R |e author |9 575701 | |
| 700 | 0 | |a Kalven, H |e author |9 575702 | |
| 700 | 0 | |a Zeisel, H |e author |9 575703 | |
| 700 | 0 | |a Holford, W |e author |9 575704 | |
| 700 | 0 | |a Tippett, M |e author |9 575705 | |
| 700 | 0 | |a Spender, S |e author |9 575706 | |
| 700 | 0 | |a Reiser, O.L |e author |9 575707 | |
| 700 | 0 | |a Elvin, H.L |e author |9 575708 | |
| 245 | 1 | 3 | |a El humanismo en el arte y la ciencia |
| 250 | |a 1a. ed | ||
| 300 | |a 182 p | ||
| 942 | |c BK | ||
| 945 | |d 20140821 14:35:00 |a arojas | ||
| 260 | |a Buenos Aires |b Ediciones Hormé |c 1969 | ||
| 650 | 0 | |a Humanismo |9 256530 | |
| 650 | 0 | |a Historia siglo 20 |9 255736 | |
| 650 | 0 | |a Arte moderno |9 265333 | |
| 583 | |a last modification |c 20140821 14:35:00 |k Rodrigo Vera | ||
| 490 | 0 | |a Biblioteca: Sociología de Hoy, 8 | |
| 999 | |c 356626 |d 356624 | ||
| 952 | |0 0 |1 0 |3 erb |4 0 |6 144_000000000000000_PLA_1969 |7 0 |8 A |9 464082 |a BIBEDU |b BIBEDU |i 5003105 |o 144 PLA 1969 |p 5003105 |r 2019-11-23 |w 2019-11-23 |y BK |z Catalogado en:20140821 |k FIL | ||